Responses for Show #4182 - Tuesday, November 5, 2002

(Cheryl: Today on Jeopardy! we celebrate the Renaissance.)
(Jimmy: I don't have to wear tights, do I?)

Contestants

[<< previous game]

Laura Johnson, a homemaker from Columbia, Maryland

John Savage, a voiceover artist and actor from Redondo Beach, California

Sandra Alboum, a translator from Arlington, Virginia (whose 1-day cash winnings total $19,400)

[next game >>]

Jeopardy! Round responses

GOLD & SILVER
CITIZEN KANE
(Alex: The movie.)
ALPHABETIC HOMOPHONES
PRESIDENTIAL PETS
I AM A CROOK
SURELY YOU JOUST
    $200 1
(John: What is oxidize?)

tarnish

JohnLaura
    $200 11
Orson Welles

Laura
    $200 26
aye (I)

Sandra
    $200 6
Ulysses S. Grant

Laura
    $200 13
Al Capone

Laura
    $200 21
Sir Lancelot

Triple Stumper
    $400 2
(Sandra: What is a trillion?)

bullion

Sandra
Triple Stumper
    $400 12
Marion Davies

Triple Stumper
    $400 27
sea (C)

Sandra
    $400 7
goats

John
    $400 14
Billy the Kid

John
    $400 22
tilting

John
    $1,000 3
South Africa

Laura
    $600 18
Xanadu

Triple Stumper
    $600 28
tee (T)

Sandra
    $600 8
Christine Todd Whitman

Sandra
    $600 15
(John: What is a bank?)

train

JohnLaura
    $600 23
(Alex: And we have a minute to go.)

A Knight's Tale

John
    $800 4
silver nitrate

Triple Stumper
    $800 19
Louis B. Mayer

John
    $800 30
bee (B)

Laura
    $800 9
Asta

Laura
    $800 16
Blackbeard

Triple Stumper
    $800 24
to the death

Triple Stumper
    $1000 5
(John: What is Yellowknife?)

the Klondike

John
Triple Stumper
    $1000 20
Charles Foster Kane

Triple Stumper
    $1000 29
jay (J)

Sandra
    $1000 10
Andrew Jackson

Triple Stumper
    $1000 17
John Dillinger

John
    $1000 25
(Laura: Who is King William I?)

Richard I

Laura
Triple Stumper

Scores at the first commercial break (after clue 15):

Sandra John Laura
$200 -$1,000 $3,200

Scores at the end of the Jeopardy! Round:

Sandra John Laura
$2,400 $1,800 $3,000

Double Jeopardy! Round responses

BRITISH POETS & POETRY
COUNTRY MUSIC
BIBLICAL PEOPLE
BEVERAGES
PERUSING PERU
THE "INCA"s
    $400 11
the truth

John
    $400 6
(Sandra: Who is Ashley Judd?)

Wynonna Judd

SandraJohn
    $400 25
Peter

John
    $400 1
Dr. Pepper

John
    $400 15
Amazon

John
    $400 20
incarcerate

Sandra
    $800 12
600

John
    $800 7
Hank Williams, Jr.

Triple Stumper
    $800 26
Abraham

Laura
    $800 2
Quik

Sandra
    $800 16
Francisco Pizarro

Sandra
    $800 21
incantation

Sandra
    $1200 13
Edmund Spenser

Triple Stumper
    $1200 8
Confederate Railroad

Triple Stumper
    $1200 28
Mary Magdalene

Triple Stumper
    $1,500 3
Absolut

Sandra
    $1200 17
Lake Titicaca

Sandra
    $1200 22
(Sandra: What is in...[time]?)

incalculable

Sandra
Triple Stumper
    $1600 14
a Grecian Urn

Sandra
    $1600 9
(Alex: I don't think you guys are true country music fans!)

Ryman Auditorium

Triple Stumper
    $1600 29
[The end-of-round signal sounds.]

Jabez

John
    $1600 4
Irish coffee

John
    $1600 18
rhea

Laura
    $2,000 23
incandescent (or incandescence)

Sandra
    $2000 27
Richard Lovelace

Triple Stumper
    $2000 10
(John: Who is...)

Eddy Arnold

John
Triple Stumper
    $2000 5
Kool-Aid

Triple Stumper
    $2000 19
Atacama Desert

Triple Stumper
    $2000 24
(Alex: We have a minute to go now.)

incapacitate

Sandra

Scores at the end of the Double Jeopardy! Round:

Sandra John Laura
$11,900 $5,800 $5,400
(lock game)

[wagering suggestions for these scores]

Final Jeopardy! Round responses

FAMOUS PHRASES
(Alex: Referring to the beginning of the Revolutionary War in 1775 and Bobby Thomson's home run in 1951.)
LauraWhat is midnight ride
$5,400
JohnWhat is the British are coming
$5,799
SandraWhat is ????
$100
the "Shot Heard 'Round the World"

Final scores:

Sandra John Laura
$11,800 $1 $0
2-day champion: $31,200 2nd place: $2,000 3rd place: $1,000

Game dynamics:

Coryat scores:

Sandra John Laura
$11,200 $5,800 $5,000
14 R
(including 2 DDs),
3 W
14 R,
4 W
10 R
(including 1 DD),
1 W

Combined Coryat: $22,000

[game clues] [game scores] [suggest correction]

Game tape date: 2002-07-31
The J! Archive is created by fans, for fans. Scraping, republication, monetization, and malicious use prohibited; this site may use cookies and collect identifying information. See terms. The Jeopardy! game show and all elements thereof, including but not limited to copyright and trademark thereto, are the property of Jeopardy Productions, Inc. and are protected under law. This website is not affiliated with, sponsored by, or operated by Jeopardy Productions, Inc. Join the discussion at JBoard.tv.